Cuaderno del insomnio / (Record no. 17181)

MARC details
000 -LEADER
campo de control de longitud fija 00596nam a2200217 i 4500
001 - NÚMERO DE CONTROL
campo de control 17181
003 - IDENTIFICADOR DE NÚMERO DE CONTROL
campo de control ES-MaACL
005 - FECHA Y HORA DE LA ÚLTIMA TRANSACCIÓN
campo de control 20230906151523.0
007 - CAMPO FIJO DE DESCRIPCIÓN FÍSICA--INFORMACIÓN GENERAL
campo de control de longitud fija t|
008 - DATOS DE LONGITUD FIJA--INFORMACIÓN GENERAL
campo de control de longitud fija 010115s1997 mx ||||1| spa d
080 ## - NÚMERO DE LA CLASIFICACIÓN DECIMAL UNIVERSAL
Número de la Clasificación Decimal Universal 821.134.2(72)-14"19"
100 1# - ENTRADA PRINCIPAL--NOMBRE DE PERSONA
Nombre de persona Contreras Villaseñor, Javier.
9 (RLIN) 40326
245 10 - MENCIÓN DEL TÍTULO
Título Cuaderno del insomnio /
Mención de responsabilidad, etc. Javier Contreras Villaseñor.
250 ## - MENCION DE EDICION
Mención de edición 1ª ed.
260 ## - PUBLICACIÓN, DISTRIBUCIÓN, ETC.
Lugar de publicación, distribución, etc. Querétaro :
Nombre del editor, distribuidor, etc. Papuras,
Fecha de publicación, distribución, etc. 1997.
300 ## - DESCRIPCIÓN FÍSICA
Extensión 23 p. ;
Dimensiones 22 cm.
490 1# - MENCIÓN DE SERIE
Mención de serie Ahí les va
830 0# - PUNTO DE ACCESO ADICIONAL DE SERIE-TÍTULO UNIFORME
Título uniforme Ahí les va
9 (RLIN) 180251
852 ## - LOCALIZACIÓN
Ubicación ES-MaACL
Número de control de estantería 2161-F-19
Sublocalización o colección R.126317
Holdings
Estatus retirado Estado de pérdida Estado de daño No para préstamo Colección Biblioteca de origen Biblioteca actual Ubicación en estantería Fecha de adquisición Fuente de adquisición Total de préstamos Signatura topográfica completa Código de barras Visto por última vez Precio de reemplazo Tipo de ítem Koha
        Colección de folletos Biblioteca del Ateneo de Madrid Biblioteca del Ateneo de Madrid Depósito folletos 17/01/2008     2161-F-19 1017527 23/02/2023 23/02/2023 Folleto